كتاب الأمثال / (رقم التسجيلة. 28849)

تفاصيل مارك
000 -LEADER
fixed length control field 00646nam a22001817a 4500
005 - DATE AND TIME OF LATEST TRANSACTION
control field 20251108165457.0
008 - FIXED-LENGTH DATA ELEMENTS--GENERAL INFORMATION
fixed length control field 250721s1980 xx 000 0 ara d
082 14 - DEWEY DECIMAL CLASSIFICATION NUMBER
Classification number م/398.9/سلا
100 1# - MAIN ENTRY--PERSONAL NAME
Personal name إبن سلام، أبي عبيد القاسم بن سلام الهروي
245 10 - TITLE STATEMENT
Title كتاب الأمثال /
264 1# - PRODUCTION, PUBLICATION, DISTRIBUTION, MANUFACTURE, AND COPYRIGHT NOTICE
Place of production, publication, distribution, manufacture مكة المكرمة :
Name of producer, publisher, distributor, manufacturer مركز البحث العلمي و إحياء التراث الإسلامي،
Date of production, publication, distribution, manufacture, or copyright notice 1980.
300 ## - PHYSICAL DESCRIPTION
Extent 507ص
490 0# - SERIES STATEMENT
Series statement من التراث الإسلامي ؛ 7
650 17 - SUBJECT ADDED ENTRY--TOPICAL TERM
Topical term or geographic name as entry element الأمثال
700 1# - ADDED ENTRY--PERSONAL NAME
Personal name قطامش، عبد المجيد
Relator term تحقيق
942 ## - ADDED ENTRY ELEMENTS (KOHA)
Source of classification or shelving scheme Dewey Decimal Classification
Koha item type مراجع
المقتنيات
حالة السحب حالة الفقدان مصدر التصنيف حالة التلف غير قابل للإعارة المكتبة الرئيسية المكتبة الحالية موقع الرف تاريخ التزويد الرقم المتسلسل Total Checkouts رقم الإستدعاء الباركود تاريخ آخر ظهور تاريخ الفاتورة نوع المادة (كوها)
    Dewey Decimal Classification   Not For Loan المكتبة المركزية المكتبة المركزية مراجع 06/07/2004 173365   م/398.9/سلا 173365 28/07/2025 06/07/2004 مراجع
Implemented & Customized by: BBB with SCIT (Smart Chains for Information Technology)

Powered by Koha